logo

Bir Sreshtho Munshi Abdur Rouf Library
Jhenaidah Cadet College

ধূমকেতু ও তার সারথি / (Record no. 1704)

MARC details
000 -LEADER
fixed length control field 00687nam a2200205 a 4500
001 - CONTROL NUMBER
JCCL Control Number 3121
003 - CONTROL NUMBER IDENTIFIER
JCCL marc code BD-JhCC
005 - DATE AND TIME OF LATEST TRANSACTION
control field 20171023174955.0
008 - FIXED-LENGTH DATA ELEMENTS--GENERAL INFORMATION
fixed length control field 171023s2005 bg |||| |||| 000 0 ben d
035 ## - SYSTEM CONTROL NUMBER
system control number (BD-JhCC)3121
040 ## - CATALOGING SOURCE
Original cataloging agency BD-JhCC
Modifying agency BD-JhCC
041 ## - LANGUAGE CODE
Language code of Book ben
082 ## - DEWEY DECIMAL CLASSIFICATION NUMBER
Classification number 891.4409
Author mark and Year RAH 2005
100 ## - MAIN ENTRY--PERSONAL NAME
Personal name রহমান, এস এম লুৎফর
245 ## - TITLE STATEMENT
Title ধূমকেতু ও তার সারথি /
Statement of responsibility, etc এস এম লুৎফর রহমান
260 ## - PUBLICATION, DISTRIBUTION, ETC. (IMPRINT)
Place of publication, distribution, etc ঢাকা :
Name of publisher, distributor, etc বাংলা একাডেমী ঢাকা ;
Date of publication, distribution, etc ২০০৫
300 ## - PHYSICAL DESCRIPTION
Pagination ৩২৭ পৃ. ;
Dimensions ২২ সে.মি.
650 ## - SUBJECT ADDED ENTRY--TOPICAL TERM
Topical term or geographic name as entry element Bengali Literature
942 ## - ADDED ENTRY ELEMENTS (KOHA)
Source of classification or shelving scheme Dewey Decimal Classification
Koha item type Books
Holdings
Source of classification or shelving scheme Damaged status Not for loan Home library Current library Date of accession Total Checkouts Full call number Barcode Date last seen Koha item type
Dewey Decimal Classification     JCC Rouf Library JCC Rouf Library 10/23/2017   891.4409 RAH 2005 3121 10/23/2017 Books

JCC Library | Contacts | JCC Home

Last Update on 23 September 2017
Copyright @ 2017-2020 JCC Rouf Library
Rouf Library, Jhenidah Cadet College (JCC), Bangladesh